000
00351nam a2200145Ia 4500
008
090124s9999 xx 000 0 und d
082
_b
303363
245
_a
जिगर
250
_a
1
260
_b
वाळिंबे शरदचंद्र
_c
1997
300
_a
304
630
_a
जिगर
730
_a
जिगर
942
_c
BOOK
999
_c
193000
_d
193000